Centro de compras Bolonia
Presenta un estudio sobre Managua y en especial de su Área Comercial a pesar de la escasez de fuentes de información debido a la destrucción ocasionada por el terremoto, así como la urgente necesidad de crear centro de compras en diferentes zonas de la ciudad.
| Main Author: | |
|---|---|
| Other Authors: | |
| Format: | Tesis Section = Libro |
| Language: | Undetermined Spanish |
| Published: |
Managua
Universidad Nacional Autónoma de Nicaragua (UNAN)
1973
|
| Subjects: |
| LEADER | 00944nam a2200205Ia 4500 | ||
|---|---|---|---|
| 008 | 240830s9999 xx 000 0 und d | ||
| 040 | |a BIBLIOTECA-RUSB/ Mon 711.4 G924 | ||
| 041 | |a spa | ||
| 082 | |a Mon 711.4 G924 | ||
| 100 | 1 | |a Guerrero Gómez, Myreya | |
| 245 | 1 | 0 | |a Centro de compras Bolonia |
| 260 | |a Managua |b Universidad Nacional Autónoma de Nicaragua (UNAN) |c 1973 | ||
| 300 | |a p. irreg. :il. | ||
| 502 | |a Tesis (Arquitecto) - Universidad Nacional Autónoma de Nicaragua (UNAN), 1973. | ||
| 520 | 3 | |a Presenta un estudio sobre Managua y en especial de su Área Comercial a pesar de la escasez de fuentes de información debido a la destrucción ocasionada por el terremoto, así como la urgente necesidad de crear centro de compras en diferentes zonas de la ciudad. | |
| 650 | 7 | |a CIUDADES (PLANES Y PLANIFICACION LOCALES) I | |
| 700 | 1 | |a Tutor: |b Brockmann Estrada, José Guillermo | |
| 942 | |c BK |2 ddc | ||
| 991 | |a TESIS | ||
| 999 | |c 20916 | ||